000 01001cam a22003015a 4500
001 14881911
005 20240818093026.0
008 070606s2008 caua frb 001 0 eng d
010 _a 2007023879
020 _a9781891389504
040 _aDLC
_cDLC
_dYDX
_dBAKER
_dBTCTA
_dUKM
_dYDXCP
_dIXA
_dSHH
_dDLC
_dEG-ScBUE
082 0 4 _a541.28
_222
_bMCQ
100 1 _aMcQuarrie, Donald A.
_97324
245 1 0 _aQuantum chemistry /
_cDonald A. McQuarrie.
250 _a2nd ed.
260 _aSausalito :
_bUniversity Science Books,
_cc.2008.
300 _axiii, 690 p. :
_bill. ;
_c26 cm.
504 _aIncludes bibliographical references and index.
590 _aSAMEH
650 0 _aQuantum chemistry.
_2BUEsh
651 _2BUEsh
653 _bENGGEN
_cAugust2017
856 4 1 _3Table of contents only
_uhttp://www.loc.gov/catdir/toc/ecip0720/2007023879.html
942 _2ddc
_hRDA-MOD
999 _c25406
_d25378
336 _2rdacontent
_atext
_btxt
337 _aunmediated
_2rdamedia
_bn
338 _avolume
_bnc
_2rdacarrier